Écrire, compter, mesurer : Du Moyen Âge aux bouleversements actuels (notice n° 2116819)

détails MARC
000 -LEADER
fixed length control field 01684cam a2200157 4500500
005 - DATE AND TIME OF LATEST TRANSACTION
control field 20260405014918.0
041 ## - LANGUAGE CODE
Language code of text/sound track or separate title fre
042 ## - AUTHENTICATION CODE
Authentication code dc
100 10 - MAIN ENTRY--PERSONAL NAME
Personal name Weber, Florence
Relator term author
245 00 - TITLE STATEMENT
Title Écrire, compter, mesurer : Du Moyen Âge aux bouleversements actuels
260 ## - PUBLICATION, DISTRIBUTION, ETC.
Name of publisher, distributor, etc. Éditions Rue d'Ulm,<br/>
Date of publication, distribution, etc. 2023.<br/>
520 ## - SUMMARY, ETC.
Summary, etc. Quelles sont les conditions sociales et intellectuelles de la mise en œuvre d’un calcul économique ? En portant attention aux techniques intellectuelles utilisées par les acteurs économiques, dans leur matérialité même, les historiens et anthropologues ici réunis ont découvert d’étonnantes convergences entre l’histoire des mathématiques chinoises et celle du Moyen Âge occidental, des continuités surprenantes entre les façons de tenir ses comptes du XIIIe au XVIIIe siècle. Ils ont surtout mieux compris l’intérêt de confronter des données issues d’univers sociaux éloignés : loin de tenir pour acquise la partition du monde entre ce qui est économique et ce qui ne l’est pas, leur questionnement porte sur les modalités du calcul pratique et en restitue les cadres rituels et cognitifs. Nouvelle édition augmentée du volume imprimé Écrire, compter, mesurer. Vers une histoire des rationalités pratiques (2006, 280 p., épuisé) et de son volet numérique (ECM/2, coll. « Actes de la recherche à l’ENS » n° 3, 2006, 152 p.), tous deux régulièrement utilisés et cités par les étudiants et les chercheurs.
700 10 - ADDED ENTRY--PERSONAL NAME
Personal name Menant, François
Relator term author
700 10 - ADDED ENTRY--PERSONAL NAME
Personal name Coquery, Natacha
Relator term author
856 41 - ELECTRONIC LOCATION AND ACCESS
Uniform Resource Identifier <a href="https://shs.cairn.info/ecrire-compter-mesurer--9782728808069?lang=fr&redirect-ssocas=7080">https://shs.cairn.info/ecrire-compter-mesurer--9782728808069?lang=fr&redirect-ssocas=7080</a>

Pas d'exemplaire disponible.

PLUDOC

PLUDOC est la plateforme unique et centralisée de gestion des bibliothèques physiques et numériques de Guinée administré par le CEDUST. Elle est la plus grande base de données de ressources documentaires pour les Étudiants, Enseignants chercheurs et Chercheurs de Guinée.

Adresse

627 919 101/664 919 101

25 boulevard du commerce
Kaloum, Conakry, Guinée

Réseaux sociaux

Powered by Netsen Group @ 2025